| 000 | 00476nam a2200181Ia 4500 | ||
|---|---|---|---|
| 008 | 191127s9999 xx 000 0 und d | ||
| 100 | _aFrye, Devon | ||
| 245 | 4 | _aThe Future of focus/ | |
| 245 | _cDevon Frye | ||
| 260 | _bSussex Publisher | ||
| 260 | _c2019 | ||
| 300 | _aPages 44-47, March/April 2019 | ||
| 440 |
_aPsychology Today: Silence your inner critic _v52: 2 |
||
| 650 | _aADHD | ||
| 650 | _aTreatment | ||
| 650 | _avideo games | ||
| 650 | _avirtual reality | ||
| 999 |
_c362723 _d362723 |
||